[Event "Douglas IoM op"]
[Site "Douglas"]
[Date "2017.09.27"]
[Round "5"]
[White "Zatonskih, Anna"]
[Black "Kosteniuk, Alexandra"]
[Result "1-0"]
[WhiteElo "2424"]
[BlackElo "2552"]
[PlyCount "183"]
[EventDate "2017.09.23"]
[EventType "swiss"]
[EventRounds "9"]
[EventCountry "IOM"]
[SourceTitle "CBM 181"]
[Source "ChessBase"]
[SourceDate "2017.11.10"]
[SourceVersion "1"]
[SourceVersionDate "2017.11.10"]
[SourceQuality "1"]

1. d4 d5 2. c4 c6 3. cxd5 cxd5 4. Nc3 Nc6 5. Nf3 Nf6 6. Bf4 Bf5 7. e3 e6 8. Qb3
Bb4 9. Bb5 O-O 10. O-O Bd6 11. Bxc6 bxc6 12. Bxd6 Qxd6 13. Na4 Rab8 14. Qd1 Bg4
15. h3 Bh5 16. Rc1 Nd7 17. b3 f5 18. Nc5 Nf6 19. Nd3 Ne4 20. Nde5 Rb6 21. Qd3
g5 22. Nd2 c5 23. dxc5 Nxc5 24. Qd4 Ne4 25. Nxe4 dxe4 26. Nd7 Qxd4 27. exd4 Rd6
28. Nxf8 Kxf8 29. Rc7 Rxd4 30. Rfc1 f4 31. Rxa7 e3 32. fxe3 fxe3 33. Re1 Rd3
34. Ra5 Bd1 35. Rxg5 e2 36. Kf2 Rd2 37. a3 Kf7 38. Rg3 Rb2 39. b4 Kf6 40. Rf3+
Ke7 41. Re3 Ra2 42. Rc3 Kd6 43. Rd3+ Ke7 44. Rc3 Kd6 45. g4 Ke5 46. Ke3 Kf6 47.
Kd4 Rd2+ 48. Rd3 e5+ 49. Ke3 Ra2 50. h4 Ke6 51. Rc3 Kd5 52. Rd3+ Ke6 53. Rc3
Kd5 54. h5 Ke6 55. Ke4 Bc2+ 56. Kf3 Bd1 57. Kg3 Rd2 58. Kf2 Rd4 59. Rg3 h6 60.
g5 hxg5 61. Rxg5 Rf4+ 62. Kg2 Rh4 63. Kg3 Rf4 64. Rg6+ Kf7 65. Kg2 Rh4 66. b5
Rxh5 67. Rc6 Ke7 68. b6 Kd7 69. Rc7+ Kd6 70. Rf7 Kc6 71. b7 Rh8 72. Kf2 Rb8 73.
Rh1 Kb6 74. Rh4 Ka5 75. Rb4 Ka6 76. Ke1 Ka7 77. Re7 Ka6 78. Re6+ Ka7 79. Reb6
e4 80. Rb2 Bc2 81. Kxe2 Bd3+ 82. Ke3 Ba6 83. Kxe4 Bxb7+ 84. Ke5 Re8+ 85. Re6
Rh8 86. Re7 Rb8 87. Re6 Rh8 88. Re7 Rb8 89. Rb4 Ka6 90. Kf6 Rf8+ 91. Kg7 Rb8
92. Re6+ 1-0

[Event "Douglas IoM op"]
[Site "Douglas"]
[Date "2017.09.28"]
[Round "6"]
[White "Kosteniuk, Alexandra"]
[Black "Trent, Lawrence"]
[Result "1-0"]
[WhiteElo "2552"]
[BlackElo "2427"]
[PlyCount "89"]
[EventDate "2017.09.23"]
[EventType "swiss"]
[EventRounds "9"]
[EventCountry "IOM"]
[SourceTitle "CBM 181"]
[Source "ChessBase"]
[SourceDate "2017.11.10"]
[SourceVersion "1"]
[SourceVersionDate "2017.11.10"]
[SourceQuality "1"]

1. e4 e6 2. d4 d5 3. Nc3 Nf6 4. e5 Nfd7 5. f4 c5 6. Nf3 Nc6 7. Be3 a6 8. Qd2
Be7 9. Bd3 b5 10. a3 Bb7 11. O-O Qb6 12. dxc5 Bxc5 13. Bxc5 Nxc5 14. Qf2 Na4
15. Nxa4 Qxf2+ 16. Rxf2 bxa4 17. c3 Ne7 18. Rb1 O-O 19. Bc2 Bc6 20. Rd2 Bb5 21.
Nd4 Bd7 22. Rf1 Rab8 23. Rff2 Rb6 24. Kf1 f6 25. Ke1 g6 26. Bb1 Kg7 27. Kd1 Ng8
28. Kc1 fxe5 29. fxe5 Rxf2 30. Rxf2 Nh6 31. Rf4 g5 32. Rf6 Ng8 33. Nf5+ Kh8 34.
Rf7 exf5 35. Rxd7 Nh6 36. Rxd5 Kg7 37. Rd7+ Kg6 38. Ba2 Ng4 39. Bf7+ Kh6 40.
Rd6+ Rxd6 41. exd6 Ne5 42. Be6 Kg6 43. d7 Nc6 44. Bd5 Nd8 45. c4 1-0

[Event "Douglas IoM op"]
[Site "Douglas"]
[Date "2017.09.29"]
[Round "7"]
[White "Christiansen, Johan Sebastian"]
[Black "Kosteniuk, Alexandra"]
[Result "0-1"]
[WhiteElo "2457"]
[BlackElo "2552"]
[PlyCount "76"]
[EventDate "2017.09.23"]
[EventType "swiss"]
[EventRounds "9"]
[EventCountry "IOM"]
[SourceTitle "CBM 181"]
[Source "ChessBase"]
[SourceDate "2017.11.10"]
[SourceVersion "1"]
[SourceVersionDate "2017.11.10"]
[SourceQuality "1"]

1. Nf3 Nf6 2. c4 b6 3. g3 Bb7 4. Bg2 e6 5. O-O Be7 6. d4 O-O 7. Re1 d5 8. cxd5
exd5 9. Nc3 Na6 10. Bf4 c5 11. Rc1 Ne4 12. dxc5 Naxc5 13. Nd4 Nxc3 14. Rxc3 Bf6
15. b4 Bxd4 16. Qxd4 Ne6 17. Qe5 Re8 18. Rd1 Qe7 19. a3 d4 20. Bxb7 Qxb7 21.
Rc2 Rac8 22. Rdc1 Rcd8 23. Rd1 h6 24. h4 Ng5 25. Qc7 Nh3+ 26. Kh2 Qxc7 27. Rxc7
Nxf2 28. Rd2 Ne4 29. Rd3 Nc3 30. Kh3 b5 31. Rxa7 Rxe2 32. Bc7 Ne4 33. Kg4 f5+
34. Kh5 Rd5 35. Kg6 Nd6 36. Ra8+ Ne8 37. Kh5 Kh7 38. Ra6 Nxc7 0-1

[Event "Douglas IoM op"]
[Site "Douglas"]
[Date "2017.09.30"]
[Round "8"]
[White "Kosteniuk, Alexandra"]
[Black "Shirov, Alexei"]
[Result "0-1"]
[WhiteElo "2552"]
[BlackElo "2630"]
[PlyCount "60"]
[EventDate "2017.09.23"]
[EventType "swiss"]
[EventRounds "9"]
[EventCountry "IOM"]
[SourceTitle "CBM 181"]
[Source "ChessBase"]
[SourceDate "2017.11.10"]
[SourceVersion "1"]
[SourceVersionDate "2017.11.10"]
[SourceQuality "1"]

1. e4 e5 2. Nf3 Nc6 3. Bb5 a6 4. Ba4 Nf6 5. O-O b5 6. Bb3 Bc5 7. a4 Rb8 8. c3
d6 9. d4 Bb6 10. a5 Ba7 11. h3 O-O 12. Be3 Ra8 13. Nbd2 Bb7 14. Re1 Re8 15. Ng5
Re7 16. Nf1 h6 17. d5 hxg5 18. dxc6 Bxc6 19. Bxg5 Nxe4 20. Bxe7 Qxe7 21. Ne3
Qf6 22. Qe2 g6 23. Rf1 Kg7 24. Nd5 Qh4 25. Nxc7 Rh8 26. Qf3 f5 27. Kh2 Nxf2 28.
Ne6+ Kf6 29. Rxf2 Bxf2 30. Qd3 Be4 0-1

[Event "Douglas IoM op"]
[Site "Douglas"]
[Date "2017.10.01"]
[Round "9"]
[White "Tarjan, James Edward"]
[Black "Kosteniuk, Alexandra"]
[Result "1-0"]
[WhiteElo "2412"]
[BlackElo "2552"]
[PlyCount "99"]
[EventDate "2017.09.23"]
[EventType "swiss"]
[EventRounds "9"]
[EventCountry "IOM"]
[SourceTitle "CBM 181"]
[Source "ChessBase"]
[SourceDate "2017.11.10"]
[SourceVersion "1"]
[SourceVersionDate "2017.11.10"]
[SourceQuality "1"]

1. c4 e5 2. g3 Nf6 3. Bg2 d5 4. cxd5 Nxd5 5. Nc3 Nb6 6. b3 Be7 7. Bb2 Nc6 8.
Bxc6+ bxc6 9. Nf3 Qd6 10. O-O Bf5 11. d3 Qe6 12. Ne4 O-O-O 13. Qc2 f6 14. Rfc1
Kb7 15. b4 Bxb4 16. Rab1 Be7 17. a4 Ka8 18. a5 Nd7 19. Qa4 Rb8 20. Rxc6 Qb3 21.
Qxb3 Rxb3 22. Nfd2 Rb7 23. Rc2 Rhb8 24. Nc4 a6 25. Rbc1 Rb3 26. Bc3 Be6 27. f4
exf4 28. gxf4 R3b5 29. Bd4 Bb4 30. Bc3 Be7 31. Bd4 R8b7 32. Kg2 Kb8 33. Ncd6
Bxd6 34. Nxd6 Rd5 35. Nxb7 Rxd4 36. Nd8 Bd5+ 37. e4 Kc8 38. Nc6 Bxc6 39. Rxc6
Rxd3 40. Rxc7+ Kd8 41. Ra7 Rd6 42. Kf3 g5 43. Rg1 h6 44. h4 Ke7 45. hxg5 hxg5
46. fxg5 fxg5 47. Rxg5 Kf6 48. Kf4 Ke6 49. Rg6+ Nf6 50. Rxf6+ 1-0

[Event "BEL-chT 1718"]
[Site "Belgium"]
[Date "2018.02.04"]
[Round "6.2"]
[White "Czebe, Attila"]
[Black "Kosteniuk, Alexandra"]
[Result "0-1"]
[WhiteElo "2465"]
[BlackElo "2552"]
[PlyCount "53"]
[EventDate "2017.09.24"]
[EventType "team-tourn"]
[EventRounds "11"]
[EventCountry "BEL"]
[SourceTitle "EXT 2019"]
[Source "ChessBase"]
[SourceDate "2018.10.10"]
[SourceVersion "1"]
[SourceVersionDate "2018.10.10"]
[SourceQuality "1"]
[WhiteTeam "KBSK"]
[BlackTeam "Fontaine"]
[WhiteTeamCountry "BEL"]
[BlackTeamCountry "BEL"]

1. Nf3 d5 2. g3 Bg4 3. Bg2 Nf6 4. c4 e6 5. Qb3 Bxf3 6. Bxf3 Nc6 7. Bg2 Bc5 8.
O-O Rb8 9. cxd5 exd5 10. Nc3 Nd4 11. Qd1 Ne6 12. b4 Be7 13. Qa4+ b5 14. Qb3 c6
15. d3 a5 16. bxa5 b4 17. Na4 Qxa5 18. a3 O-O 19. axb4 Bxb4 20. Bb2 Be7 21. Qc2
c5 22. Be5 Nd4 23. Qd1 Ra8 24. e3 Ne6 25. d4 Ne4 26. Bxe4 dxe4 27. Qg4 0-1

[Event "BL 1718 (Women)"]
[Site "Germany"]
[Date "2017.12.17"]
[Round "5.1"]
[White "Kosteniuk, Alexandra"]
[Black "Gunina, Valentina"]
[Result "1-0"]
[WhiteElo "2552"]
[BlackElo "2505"]
[PlyCount "67"]
[EventDate "2017.10.01"]
[EventType "team-tourn"]
[EventRounds "11"]
[EventCountry "GER"]
[SourceTitle "EXT 2019"]
[Source "ChessBase"]
[SourceDate "2018.10.10"]
[SourceVersion "1"]
[SourceVersionDate "2018.10.10"]
[SourceQuality "1"]
[WhiteTeam "Baden-Baden (W)"]
[BlackTeam "Bad Koenigshofen (W)"]
[WhiteTeamCountry "GER"]
[BlackTeamCountry "GER"]

1. d4 Nf6 2. c4 e6 3. Nc3 Bb4 4. e3 O-O 5. Bd3 c5 6. Nge2 b6 7. O-O cxd4 8.
exd4 Bb7 9. d5 Re8 10. Qc2 h6 11. Rd1 exd5 12. Nxd5 Na6 13. Nec3 Bxc3 14. Qxc3
Nxd5 15. cxd5 Rc8 16. Qd4 Rc5 17. Qg4 Qf6 18. Qxd7 Nc7 19. d6 Bc6 20. Qg4 Qxd6
21. Be3 Rd5 22. Bc4 Rxd1+ 23. Rxd1 Qf6 24. Bd4 Qg5 25. Qxg5 hxg5 26. Be3 g4 27.
Rd6 Ba4 28. Rd4 Bc6 29. Rxg4 Nd5 30. Bd2 Ne7 31. Bc3 Nf5 32. f3 Rd8 33. Bb3 g6
34. Rxg6+ 1-0

[Event "BL 1718 (Women)"]
[Site "Germany"]
[Date "2018.02.17"]
[Round "8.2"]
[White "Kosteniuk, Alexandra"]
[Black "Kopylov, Luba"]
[Result "1-0"]
[WhiteElo "2552"]
[BlackElo "2115"]
[PlyCount "55"]
[EventDate "2017.10.01"]
[EventType "team-tourn"]
[EventRounds "11"]
[EventCountry "GER"]
[SourceTitle "EXT 2019"]
[Source "ChessBase"]
[SourceDate "2018.10.10"]
[SourceVersion "1"]
[SourceVersionDate "2018.10.10"]
[SourceQuality "1"]
[WhiteTeam "Baden-Baden (W)"]
[BlackTeam "Kiel Doppelbauer (W)"]
[WhiteTeamCountry "GER"]
[BlackTeamCountry "GER"]

1. e4 d6 2. d4 c6 3. Nc3 Nf6 4. Be3 Nbd7 5. g4 Qa5 6. f3 Nb6 7. Qd2 h6 8. a3
Nbd7 9. O-O-O b5 10. d5 b4 11. axb4 Qa1+ 12. Nb1 cxd5 13. exd5 Bb7 14. Bc4 Rc8
15. Qd3 a6 16. Bb3 Ne5 17. Qd4 Bxd5 18. Bxd5 Nxd5 19. Qxd5 Qa4 20. c3 Qxb4 21.
Na3 e6 22. Qd4 Qb3 23. Qb6 Rxc3+ 24. bxc3 Qxa3+ 25. Kb1 Nc4 26. Qc6+ Kd8 27.
Qxc4 d5 28. Bb6+ 1-0

[Event "BL 1718 (Women)"]
[Site "Germany"]
[Date "2018.02.18"]
[Round "9.2"]
[White "Fuchs, Judith"]
[Black "Kosteniuk, Alexandra"]
[Result "0-1"]
[WhiteElo "2326"]
[BlackElo "2552"]
[PlyCount "62"]
[EventDate "2017.10.01"]
[EventType "team-tourn"]
[EventRounds "11"]
[EventCountry "GER"]
[SourceTitle "EXT 2019"]
[Source "ChessBase"]
[SourceDate "2018.10.10"]
[SourceVersion "1"]
[SourceVersionDate "2018.10.10"]
[SourceQuality "1"]
[WhiteTeam "Hamburger SK (W)"]
[BlackTeam "Baden-Baden (W)"]
[WhiteTeamCountry "GER"]
[BlackTeamCountry "GER"]

1. e4 e5 2. Nf3 Nf6 3. Nxe5 d6 4. Nf3 Nxe4 5. d4 d5 6. Bd3 Bd6 7. O-O O-O 8. c4
c6 9. cxd5 cxd5 10. Nc3 Nxc3 11. bxc3 Bg4 12. Rb1 Nd7 13. h3 Bh5 14. Rb5 Nf6
15. Bg5 Rc8 16. g4 Bg6 17. Bxg6 hxg6 18. Qb3 b6 19. Re1 Qc7 20. Re3 Ne4 21.
Rxd5 Rfe8 22. Kg2 Re6 23. c4 Rce8 24. Bh4 Bf4 25. Rd3 f6 26. g5 fxg5 27. Nxg5
Bxg5 28. Bxg5 Nxf2 29. Rf3 Re2 30. Bf4 Nd3+ 31. Kg3 Nxf4 0-1

[Event "BL 1718 (Women)"]
[Site "Germany"]
[Date "2018.03.24"]
[Round "10.2"]
[White "Klek, Hanna Marie"]
[Black "Kosteniuk, Alexandra"]
[Result "0-1"]
[WhiteElo "2363"]
[BlackElo "2552"]
[PlyCount "64"]
[EventDate "2017.10.01"]
[EventType "team-tourn"]
[EventRounds "11"]
[EventCountry "GER"]
[SourceTitle "EXT 2019"]
[Source "ChessBase"]
[SourceDate "2018.10.10"]
[SourceVersion "1"]
[SourceVersionDate "2018.10.10"]
[SourceQuality "1"]
[WhiteTeam "Deizisau (W)"]
[BlackTeam "Baden-Baden (W)"]
[WhiteTeamCountry "GER"]
[BlackTeamCountry "GER"]

1. e4 e5 2. Nf3 Nc6 3. Bc4 Bc5 4. O-O Nf6 5. d3 d6 6. c3 a5 7. a4 O-O 8. h3 h6
9. Re1 Re8 10. Na3 Ba7 11. Bb3 Be6 12. Nc4 Nd7 13. Ne3 Bxb3 14. Qxb3 Nc5 15.
Qc2 Ne6 16. Nf5 d5 17. Nh2 h5 18. Qe2 dxe4 19. dxe4 g6 20. Ng3 Nf4 21. Bxf4
exf4 22. Ngf1 Ne5 23. Rad1 Qf6 24. Nf3 Qc6 25. Nxe5 Rxe5 26. Qf3 Qxa4 27. Qxf4
Rf5 28. Qxc7 Rxf2 29. Kh1 Rxb2 30. e5 Qf4 31. Rd8+ Rxd8 32. Qxd8+ Kg7 0-1

[Event "BL 1718 (Women)"]
[Site "Germany"]
[Date "2018.03.25"]
[Round "11.3"]
[White "Kashlinskaya, Alina"]
[Black "Kosteniuk, Alexandra"]
[Result "0-1"]
[WhiteElo "2446"]
[BlackElo "2552"]
[PlyCount "86"]
[EventDate "2017.10.01"]
[EventType "team-tourn"]
[EventRounds "11"]
[EventCountry "GER"]
[SourceTitle "EXT 2019"]
[Source "ChessBase"]
[SourceDate "2018.10.10"]
[SourceVersion "1"]
[SourceVersionDate "2018.10.10"]
[SourceQuality "1"]
[WhiteTeam "Schwaebisch Hall (W)"]
[BlackTeam "Baden-Baden (W)"]
[WhiteTeamCountry "GER"]
[BlackTeamCountry "GER"]

1. d4 Nf6 2. c4 e6 3. Nf3 Bb4+ 4. Nbd2 O-O 5. a3 Be7 6. e4 d6 7. Bd3 e5 8. O-O
exd4 9. Nxd4 Nfd7 10. Nb1 Bf6 11. Be2 Nc5 12. Be3 Nxe4 13. Bd3 Nc5 14. Bc2 Nc6
15. Nc3 Ne6 16. Nde2 g6 17. f4 Ng7 18. Nd5 Bf5 19. Ng3 Bxc2 20. Qxc2 Bh4 21. f5
Ne7 22. Bh6 Nxd5 23. cxd5 Re8 24. Rf3 Re5 25. Raf1 Bxg3 26. Rxg3 Qd7 27. Bxg7
Kxg7 28. f6+ Kh8 29. Qd2 Rg8 30. Rh3 Rh5 31. Re3 Re5 32. Qd4 Rge8 33. Rh3 h5
34. Qxa7 Qb5 35. Qd4 Qxd5 36. Qf4 Kh7 37. Qa4 Qc5+ 38. Kh1 Re1 39. Rhf3 Qc1 40.
Kg1 Rxf1+ 41. Rxf1 Re1 42. Qb5 Qe3+ 43. Kh1 Qf2 0-1

[Event "EU-ch rapid (Women)"]
[Site "Monte Carlo"]
[Date "2017.10.21"]
[Round "1"]
[White "Kosteniuk, Alexandra"]
[Black "Ivanova Skripova, Tatiana"]
[Result "1-0"]
[WhiteElo "2552"]
[BlackElo "2125"]
[PlyCount "45"]
[EventDate "2017.10.21"]
[EventType "swiss (rapid)"]
[EventRounds "11"]
[EventCountry "MNC"]
[SourceTitle "CBM 181 Extra"]
[Source "ChessBase"]
[SourceDate "2017.12.12"]
[SourceVersion "1"]
[SourceVersionDate "2017.12.12"]
[SourceQuality "1"]

1. e4 d6 2. d4 g6 3. Nc3 Bg7 4. Be3 a6 5. Nf3 b5 6. a4 b4 7. Nd5 Bb7 8. Bc4 a5
9. Ng5 e6 10. Qf3 Nh6 11. Nf4 Nf5 12. Nxf7 Qe7 13. Nxh8 Bxh8 14. Nxe6 Nxe3 15.
fxe3 Nc6 16. O-O Kd7 17. Qh3 Nd8 18. Nc5+ Kc6 19. Bd5+ Kb6 20. Nxb7 Nxb7 21.
Rf7 Qg5 22. Qd7 Qxe3+ 23. Kh1 1-0

[Event "EU-ch rapid (Women)"]
[Site "Monte Carlo"]
[Date "2017.10.21"]
[Round "2"]
[White "Guichard, Pauline"]
[Black "Kosteniuk, Alexandra"]
[Result "1/2-1/2"]
[WhiteElo "2285"]
[BlackElo "2552"]
[PlyCount "79"]
[EventDate "2017.10.21"]
[EventType "swiss (rapid)"]
[EventRounds "11"]
[EventCountry "MNC"]
[SourceTitle "CBM 181 Extra"]
[Source "ChessBase"]
[SourceDate "2017.12.12"]
[SourceVersion "1"]
[SourceVersionDate "2017.12.12"]
[SourceQuality "1"]

1. c4 e5 2. g3 Nf6 3. Bg2 d5 4. cxd5 Nxd5 5. Nc3 Nb6 6. e3 h5 7. h3 Nc6 8. Nge2
h4 9. g4 f5 10. gxf5 Bxf5 11. d4 exd4 12. Nxd4 Nxd4 13. exd4 Qe7+ 14. Be3 c6
15. d5 Nxd5 16. Nxd5 cxd5 17. Qxd5 Qd7 18. Qxb7 Qxb7 19. Bxb7 Rb8 20. Bc6+ Kf7
21. Bd5+ Kg6 22. Bb3 a5 23. Ke2 a4 24. Bxa4 Rxb2+ 25. Kf3 Be6 26. Rhg1+ Kh7 27.
Bc6 Rxa2 28. Rxa2 Bxa2 29. Rg4 Kg8 30. Bg5 Be6 31. Re4 Rh5 32. Rxe6 Rxg5 33.
Kf4 Rc5 34. Be4 Kf7 35. Rc6 g5+ 36. Kg4 Re5 37. Bg6+ Kg7 38. Bf5 Be7 39. Re6
Rxe6 40. Bxe6 1/2-1/2

[Event "EU-ch rapid (Women)"]
[Site "Monte Carlo"]
[Date "2017.10.21"]
[Round "3"]
[White "Kosteniuk, Alexandra"]
[Black "Narva, Mai"]
[Result "0-1"]
[WhiteElo "2552"]
[BlackElo "2211"]
[PlyCount "140"]
[EventDate "2017.10.21"]
[EventType "swiss (rapid)"]
[EventRounds "11"]
[EventCountry "MNC"]
[SourceTitle "CBM 181 Extra"]
[Source "ChessBase"]
[SourceDate "2017.12.12"]
[SourceVersion "1"]
[SourceVersionDate "2017.12.12"]
[SourceQuality "1"]

1. e4 c5 2. Nf3 d6 3. Bb5+ Bd7 4. Bxd7+ Qxd7 5. d4 cxd4 6. Qxd4 Nc6 7. Qd3 g6
8. O-O Bg7 9. c4 Nf6 10. h3 O-O 11. Nc3 Rac8 12. Be3 Qd8 13. b3 a6 14. Rac1 Qa5
15. a4 Nd7 16. Nd5 e6 17. Bd2 Qd8 18. Nc3 Nc5 19. Qc2 Qb6 20. Rb1 Nb4 21. Qd1
Bxc3 22. Bxc3 Nxe4 23. Bd4 Qc6 24. Nd2 e5 25. Nxe4 Qxe4 26. Ba1 Nd3 27. Qg4 Nf4
28. Rfe1 Qc6 29. Rbd1 Rcd8 30. a5 f6 31. h4 h5 32. Qg3 Kh7 33. Kh2 Qc5 34. Bc3
d5 35. Bd2 Ne6 36. cxd5 Rxd5 37. Rc1 Qd6 38. Be3 Rd3 39. Kg1 Rf7 40. Qf3 Qd5
41. Qxd5 Rxd5 42. b4 Nd4 43. Rc4 Rfd7 44. Kf1 Nc6 45. Ke2 f5 46. g3 Rd3 47. Rb1
R7d5 48. Rc5 Rxc5 49. Bxc5 Rd5 50. Rc1 Kg7 51. Rc4 Kf6 52. f3 Ke6 53. g4 Nd4+
54. Ke3 hxg4 55. fxg4 fxg4 56. Ke4 Nf5 57. Rc2 Nxh4 58. Rh2 Nf5 59. Rh8 Nd6+
60. Ke3 g3 61. Kf3 Nf5 62. Re8+ Kf6 63. Rf8+ Kg5 64. Rh8 e4+ 65. Ke2 Kf4 66.
Bb6 e3 67. Rc8 Rd2+ 68. Kf1 g2+ 69. Kg1 Kf3 70. Rc1 Ng3 0-1

[Event "EU-ch rapid (Women)"]
[Site "Monte Carlo"]
[Date "2017.10.22"]
[Round "6"]
[White "Kosteniuk, Alexandra"]
[Black "Maisuradze, Nino"]
[Result "1-0"]
[WhiteElo "2552"]
[BlackElo "2240"]
[PlyCount "65"]
[EventDate "2017.10.21"]
[EventType "swiss (rapid)"]
[EventRounds "11"]
[EventCountry "MNC"]
[SourceTitle "CBM 181 Extra"]
[Source "ChessBase"]
[SourceDate "2017.12.12"]
[SourceVersion "1"]
[SourceVersionDate "2017.12.12"]
[SourceQuality "1"]

1. e4 c5 2. c3 d5 3. exd5 Qxd5 4. d4 Nf6 5. Nf3 e6 6. Bd3 Nc6 7. O-O Be7 8.
dxc5 Bxc5 9. Qe2 O-O 10. Bg5 h6 11. Bxf6 gxf6 12. Nbd2 Rd8 13. Bc2 Ne5 14. Ne4
Be7 15. Rad1 Nxf3+ 16. Qxf3 Qe5 17. Qg4+ Kf8 18. Qh4 h5 19. Rxd8+ Bxd8 20. Rd1
Be7 21. Ng3 Qg5 22. Qxh5 Qxh5 23. Nxh5 e5 24. Ng3 Bg4 25. Rd2 Rd8 26. Rxd8+
Bxd8 27. Be4 b6 28. Bf5 Bd1 29. h4 a5 30. f3 a4 31. Bb1 Be7 32. Kf2 a3 33. b3
1-0

[Event "EU-ch rapid (Women)"]
[Site "Monte Carlo"]
[Date "2017.10.22"]
[Round "7"]
[White "Szczepkowska, Karina"]
[Black "Kosteniuk, Alexandra"]
[Result "1/2-1/2"]
[WhiteElo "2406"]
[BlackElo "2552"]
[PlyCount "83"]
[EventDate "2017.10.21"]
[EventType "swiss (rapid)"]
[EventRounds "11"]
[EventCountry "MNC"]
[SourceTitle "CBM 181 Extra"]
[Source "ChessBase"]
[SourceDate "2017.12.12"]
[SourceVersion "1"]
[SourceVersionDate "2017.12.12"]
[SourceQuality "1"]

1. d4 Nf6 2. c4 e6 3. Nf3 c5 4. d5 b5 5. dxe6 fxe6 6. cxb5 a6 7. bxa6 d5 8. g3
Bxa6 9. Bh3 Qb6 10. O-O Be7 11. Qa4+ Nbd7 12. Ng5 Bb7 13. Qc2 Nf8 14. b3 Qc6
15. Nd2 d4 16. Ngf3 Ng6 17. Bg2 Qa6 18. Nc4 O-O 19. Ne1 Bd5 20. Nd3 Qb7 21.
Bxd5 Qxd5 22. f3 Qh5 23. Nf2 Ra6 24. Bd2 Qd5 25. Nd3 Rd8 26. Nf2 Qa8 27. a4 Rb8
28. Rab1 Nd5 29. Ne4 Qc6 30. Rfc1 Qc7 31. Na3 Qe5 32. Nc4 Qf5 33. Nf2 Qxc2 34.
Rxc2 Nf8 35. a5 Nd7 36. Nd3 Bf6 37. Kf2 Kf7 38. Na3 Be7 39. Nc4 Bf6 40. Na3 Be7
41. Nc4 Bf6 42. Na3 1/2-1/2

[Event "EU-ch rapid (Women)"]
[Site "Monte Carlo"]
[Date "2017.10.22"]
[Round "8"]
[White "Kosteniuk, Alexandra"]
[Black "Paasikangas Tella, Johanna"]
[Result "1-0"]
[WhiteElo "2552"]
[BlackElo "2243"]
[PlyCount "91"]
[EventDate "2017.10.21"]
[EventType "swiss (rapid)"]
[EventRounds "11"]
[EventCountry "MNC"]
[SourceTitle "CBM 181 Extra"]
[Source "ChessBase"]
[SourceDate "2017.12.12"]
[SourceVersion "1"]
[SourceVersionDate "2017.12.12"]
[SourceQuality "1"]

1. e4 d5 2. exd5 Qxd5 3. Nc3 Qa5 4. d4 c6 5. Bc4 Nf6 6. Qe2 Bf5 7. Bd2 Qc7 8.
O-O-O e6 9. h3 h5 10. Nf3 Nbd7 11. Bb3 O-O-O 12. Bg5 Bd6 13. Kb1 Bf4 14. Bh4
Rhg8 15. Ng5 Nb6 16. g3 Bd6 17. f4 Nbd5 18. Nce4 Nxe4 19. Nxe4 Be7 20. Bxe7
Qxe7 21. Ng5 f6 22. Nf3 Bg6 23. Ka1 Qd6 24. c4 Nc7 25. Rhe1 Bf7 26. Qe3 Rge8
27. Bc2 Qb4 28. Nd2 Rd7 29. a3 Qa5 30. Nb3 Qb6 31. Nc5 Rd6 32. Ne4 Rd7 33. c5
Qa5 34. Nd6+ Rxd6 35. cxd6 Nb5 36. g4 hxg4 37. hxg4 Nxd6 38. Bb3 g6 39. Rc1 Qb6
40. Rc5 Qc7 41. Rec1 Kb8 42. Ba4 Qd7 43. Qe1 Rd8 44. Qb4 Ka8 45. Rxc6 Ne4 46.
Rc7 1-0

[Event "EU-ch rapid (Women)"]
[Site "Monte Carlo"]
[Date "2017.10.22"]
[Round "9"]
[White "Gaponenko, Inna"]
[Black "Kosteniuk, Alexandra"]
[Result "0-1"]
[WhiteElo "2433"]
[BlackElo "2552"]
[PlyCount "66"]
[EventDate "2017.10.21"]
[EventType "swiss (rapid)"]
[EventRounds "11"]
[EventCountry "MNC"]
[SourceTitle "CBM 181 Extra"]
[Source "ChessBase"]
[SourceDate "2017.12.12"]
[SourceVersion "1"]
[SourceVersionDate "2017.12.12"]
[SourceQuality "1"]

1. e4 e5 2. Nf3 Nf6 3. Nc3 Nc6 4. d4 exd4 5. Nxd4 Bb4 6. Nxc6 bxc6 7. Bd3 O-O
8. O-O d5 9. exd5 cxd5 10. h3 Re8 11. Qf3 Rb8 12. Bf4 Bb7 13. Nb5 d4 14. Qg3
Nh5 15. Qg4 Nxf4 16. Qxf4 Qd5 17. f3 Re5 18. Nxc7 Qa5 19. Nb5 Rbe8 20. Nxd4 Bd2
21. Qh4 Rh5 22. Qg4 Bc8 23. Nb3 Qb6+ 24. Kh1 Bxg4 25. fxg4 Rxh3+ 26. gxh3 Qc6+
27. Kh2 Re3 28. Rf2 Qd6+ 29. Kg1 Qg3+ 30. Rg2 Re1+ 31. Rxe1 Qxe1+ 32. Bf1 Be3+
33. Kh2 Qxf1 0-1

[Event "EU-ch rapid (Women)"]
[Site "Monte Carlo"]
[Date "2017.10.22"]
[Round "10"]
[White "Kosteniuk, Alexandra"]
[Black "Skripchenko, Almira"]
[Result "1-0"]
[WhiteElo "2552"]
[BlackElo "2399"]
[PlyCount "107"]
[EventDate "2017.10.21"]
[EventType "swiss (rapid)"]
[EventRounds "11"]
[EventCountry "MNC"]
[SourceTitle "CBM 181 Extra"]
[Source "ChessBase"]
[SourceDate "2017.12.12"]
[SourceVersion "1"]
[SourceVersionDate "2017.12.12"]
[SourceQuality "1"]

1. e4 d6 2. d4 Nf6 3. Nc3 e5 4. Nf3 Nbd7 5. Bc4 Be7 6. O-O O-O 7. a4 a6 8. a5
c6 9. dxe5 dxe5 10. Bd2 Qc7 11. Qe2 Nc5 12. h3 Be6 13. Bxe6 Nxe6 14. Qc4 Nd7
15. Ne2 Rfe8 16. b4 Bf6 17. Rab1 Rac8 18. Rfe1 Ndf8 19. g3 Nd7 20. h4 h6 21.
Kg2 Ndf8 22. Nh2 Be7 23. Red1 Nd7 24. Ng4 Nf6 25. Ne3 Bf8 26. Bc3 Nd4 27. Nxd4
exd4 28. Rxd4 c5 29. Nd5 Nxd5 30. Rxd5 cxb4 31. Qxc7 Rxc7 32. Bxb4 Bxb4 33.
Rxb4 Ree7 34. Rd2 Rc5 35. Rd8+ Kh7 36. Rb8 Rcc7 37. c3 h5 38. f3 Rxc3 39. R4xb7
Rc2+ 40. Kh3 Re5 41. Rxf7 Rxa5 42. Rbb7 Raa2 43. Rxg7+ Kh8 44. Rh7+ Kg8 45. g4
hxg4+ 46. Kxg4 a5 47. Rhc7 Rxc7 48. Rxc7 a4 49. Ra7 a3 50. Kf5 Ra1 51. f4 Kf8
52. e5 a2 53. Kf6 Kg8 54. f5 1-0

[Event "EU-ch rapid (Women)"]
[Site "Monte Carlo"]
[Date "2017.10.22"]
[Round "11"]
[White "Lagno, Kateryna"]
[Black "Kosteniuk, Alexandra"]
[Result "1/2-1/2"]
[WhiteElo "2541"]
[BlackElo "2552"]
[PlyCount "37"]
[EventDate "2017.10.21"]
[EventType "swiss (rapid)"]
[EventRounds "11"]
[EventCountry "MNC"]
[SourceTitle "CBM 181 Extra"]
[Source "ChessBase"]
[SourceDate "2017.12.12"]
[SourceVersion "1"]
[SourceVersionDate "2017.12.12"]
[SourceQuality "1"]

1. e4 e5 2. Nf3 Nf6 3. Nxe5 d6 4. Nf3 Nxe4 5. Bd3 Nf6 6. O-O Be7 7. c3 O-O 8.
h3 b6 9. Re1 Bb7 10. Bc2 c5 11. d4 Nbd7 12. Bf4 Re8 13. Nbd2 b5 14. a4 a6 15.
axb5 axb5 16. Rxa8 Qxa8 17. dxc5 dxc5 18. Ne4 Bf8 19. Nxf6+ 1/2-1/2